000 00723cam a2200241 4500500
005 20260329005646.0
041 _afre
042 _adc
100 1 0 _aKlein, Étienne
_eauthor
245 0 0 _aPeut-on devenir meilleur ? Et si oui, comment ?
260 _c2024.
500 _a83
690 _aAlexis Lavis
690 _aAmélioration
690 _aCatherine Malabou
690 _aFabienne Brugère
690 _aGuillaume Martin
690 _aPerfectibilité
690 _aPerformance
690 _aProgrès
786 0 _nPhilosophie magazine | 181 | 6 | 2024-07-01 | p. 49-50 | 1951-1787
856 4 1 _uhttps://shs.cairn.info/magazine-philosophie-magazine-2024-6-page-49?lang=fr&redirect-ssocas=7080
999 _c1845335
_d1845335